000 00375 a2200169 4500
001 13555
020 _a9788535632262
040 _cAnchieta - Aquarius
100 _aPassatti, Neusa Jordem
240 1 0 _aCiça e a rainha
_lpor
245 1 0 _aCiça e a rainha
300 _a
362 0 _a2012
440 1 _aPaulinas
650 4 _aLiteratura infanto-juvenil
942 _cBK
999 _c13555
_d13555